000 00727nam a2200253 i 4500
001 C2-0329061
003 PPAK
005 20180728130220.0
008 141126s2014 xx a|||| ||||| | eng d
020 _a9789834475338
040 _aPPAK
_beng
_cPPAK
_erda
082 0 4 _a823
_223
090 0 0 _a823
_bSAS
_dK
100 0 _aSasha Bashir,
_eauthor
245 1 0 _aWhen the clouds turn pink
264 1 _a[place of publication not identified] :
_b[publisher not identified] ,
_c2014
300 _a27 pages :
_bcolour illustrations ;
_c25 cm
336 _2rdacontent
_atext
337 _2rdamedia
_aunmediated
338 _2rdacarrier
_avolume
650 1 0 _aChildren's stories, English
700 _eauthor
942 _ddc
_cB
999 _c128323
_d128323